000
00190nam a22000977a 4500
020
_a
9789355555151
082
_a
K000
245
_a
ISSO - CLASS 3 - 2023 - 2024
300
_a
72P
942
_c
BK
999
_c
8925
_d
8925